| 000 | 00751nam a22002657a 4500 | ||
|---|---|---|---|
| 001 | BR8403249 | ||
| 003 | BR-BrBNA | ||
| 005 | 20230928091938.0 | ||
| 007 | ta | ||
| 008 | 230509b bl.||||| |||| 00| 0 por d | ||
| 040 |
_aBR-BrBNA _bpor _cBiblioteca Nacional de Agricultura |
||
| 041 | _a(Por) | ||
| 072 |
_aF00 _b2520 |
||
| 090 | _ 2520 BR8403249 | ||
| 100 | 1 | _aQueiroz Junior, H. | |
| 100 | 1 | _aPontes, G.T.B. | |
| 110 | 1 | _aEmpresa de Pesquisa Agropecuaria do Ceara, Fortaleza (Brasil) | |
| 245 | 1 | _aBibliografia, sapoti-Achras sapota L. [planta produtora de borracha] | |
| 260 | 3 |
_aFortaleza, CE (Brasil): _c1984. |
|
| 300 | _a5 p. | ||
| 650 | _aSAPOTI | ||
| 650 | _aBIBLIOGRAFIA | ||
| 909 |
_a202309 _bLucia _c55 _dLucia Elande |
||
| 942 | _cBK | ||
| 999 |
_c36340 _d36340 |
||